000 00444nam a22001817a 4500
003 CEME
005 20210628201719.0
008 210204b xxu||||| |||| 00| 0 eng d
020 _a81-219-0843-3
040 _c.
082 _a516 LON
100 _aLoney, S.L
_939358
245 _aThe elements of coordinate geometry
260 _aNEW DLEHI
_bS.CHAND AND COMPANY
_c2004
300 _a355P
650 _aGEOMETRY
_933411
942 _cBK
_2ddc
999 _c566882
_d566882